Länder mit der niedrigsten Lebenserwartung - Statistiken

Allgemein
  • Dieses Quiz wurde 46 mal gespielt
    5 seit der letzten Aktualisierung
  • Das Durchschnittsergebnis liegt bei 8 aus 20
Antwortstatistiken
Index Land % Korrekt
75,2 Afghanistan
60%
76,3 Botswana
60%
75,7 Eritrea
60%
75,4 Eswatini
60%
73,4 Lesotho
60%
75,6 Marshallinseln
60%
74,7 Mikronesien
60%
74,8 Somalia
60%
76,4 Tschad
60%
75,7 Vanuatu
60%
76,2 Fidschi
40%
75,6 Mosambik
40%
74,7 Nauru
40%
75,4 Guinea-Bissau
20%
73,7 Kiribati
20%
72,6 Salomonen
20%
75,5 Simbabwe
20%
76,2 Tadschikistan
20%
73,1 ZAR
20%
75,1 Usbekistan
0%
Keine übereinstimmenden Quizze gefunden
Verteilung der Resultate
Anzahl Personen mit jedem Resultat
Perzentil nach korrekt beantworteten Fragen
Ihre Resultats-Entwicklung
Sie haben dieses Quiz seit der letzten Aktualisierung nicht gespielt